| 000 | 00857nam a2200265 a 4500 | ||
|---|---|---|---|
| 001 | 649592 | ||
| 003 | ARRUPE | ||
| 005 | 20131023174843.0 | ||
| 008 | 940303s1993 ii b 001 0 eng | ||
| 010 | _a 93910418 | ||
| 020 |
_a0670855189 : _cRs250.00 |
||
| 025 | _aI-E-73038 | ||
| 040 |
_aDLC _cDLC |
||
| 042 | _alcode | ||
| 050 | 0 | 0 |
_aBL1220 _b.V38 1993 |
| 100 | 1 |
_aVarma, Pavan K., _c1953- _92936 |
|
| 245 | 1 | 0 |
_aKrishna, the playful divine / _cPavan K. Varma. |
| 260 |
_aNew Delhi, India : _aNew York, N.Y., U.S.A. : _bViking, _c1993. |
||
| 300 |
_axi, 220 p., [32] p. of plates : _bill. ; _c21 cm. |
||
| 504 | _aIncludes bibliographical references (p. [203]-214) and index. | ||
| 650 | 0 |
_aKrishna (Hindu deity) _92937 |
|
| 906 |
_a7 _bcbc _corigode _d2 _encip _f19 _gy-gencatlg |
||
| 942 |
_2lcc _cMONOGRAPH |
||
| 999 |
_c118446 _d118446 |
||